000 00708cam a22002415a 4500
008
020 _a9781444108316 (pbk.)
049 _aMAIN
090 _aBF121
_bGRO.
100 1 _aGross, Richard D.
245 1 0 _aPsychology :
_bthe science of mind and behaviour /
_cRichard Gross.
250 _a6th ed.
260 _aLondon :
_bHodder Education,
_cc2010.
300 _aviii, 902 p. :
_bill. (some col.) ;
_c28 cm.
500 _aIncludes index.
504 _aIncludes bibliographical references.
650 0 _aPsychology.
907 _a.b10351322
_b26-11-14
_c26-11-14
003
005 20230123122122.0
040 _cNUST
942 _cBOOKS
_kBF121
_mGRO.
999 _c128111
_d128111